| 000 | 00962nam a22002417a 4500 | ||
|---|---|---|---|
| 005 | 20170123164158.0 | ||
| 010 | _aA-772724 | ||
| 020 |
_c35.00 _a8171431453 |
||
| 035 | _aA-772724 | ||
| 040 |
_aDPL _bPN |
||
| 082 |
_aਕ _bਸੰਤੋਖ |
||
| 100 |
_aਸੰਤੋਖ ਸਿੰਘ _9131946 |
||
| 245 |
_aਪ੍ਰੇਤ ਛਾਇਆ : _cਸੰਤੋਖ ਸਿੰਘ _bਕਹਾਣੀਆਂ / |
||
| 246 |
_aPret chhaya : short stories / _b by Santokh Singh |
||
| 260 |
_aਅੰਮ੍ਰਿਤਸਰ _bਰਵੀ ਸਾਹਿਤ ਪ੍ਰਕਾਸ਼ਨ _c1992 |
||
| 270 |
_aਹਾਲ ਬਾਜ਼ਾਰ _bਅੰਮ੍ਰਿਤਸਰ |
||
| 300 |
_a116p. _c19cm(Hb) |
||
| 650 |
_aਪੰਜਾਬੀ ਸਾਹਿਤ- ਲਘੂ ਕਹਾਣੀਆਂ _98034 |
||
| 650 |
_aਪੰਜਾਬੀ ਸਾਹਿਤ _9131947 |
||
| 650 |
_aPunjabi Literature- Short stories _98035 |
||
| 650 |
_aPunjabi Literature _9131948 |
||
| 942 |
_2ddc _cPN _hਕ _mਸੰਤੋਖ |
||
| 999 |
_c110848 _d110848 |
||